Zeptej se astronauta /

Hlavní autor: Peake, Tim, 1972-
Další autoři: Goner, Jakub
Jazyk: Čeština
Vydáno: Brno : Computer Press, 2018
Vydání: 1. vydání
Témata:
Fyzický popis: 288 stran, 17 nečíslovaných stran obrazových příloh : ilustrace (převážně barevné), portréty ; 21 cm
Knihy
Uloženo v:
LEADER 02521nam a2200709 i 4500
001 nkc20183027220
003 CZ PrNK
005 20181018145552.0
007 ta
008 180911s2018 xr acf g f 000 0acze
015 |a cnb003027220 
020 |a 978-80-251-4924-9  |q (brožováno) :  |c Kč 349,00 
035 |a (OCoLC)1066054170 
040 |a OLA001  |b cze  |e rda 
041 1 |a cze  |h eng 
043 |a e-uk--- 
045 |a x7y1 
072 7 |a 629  |x Dopravní prostředky  |2 Konspekt  |9 19 
072 7 |a 929  |x Biografie  |2 Konspekt  |9 8 
080 |a 629.78-051  |2 MRF 
080 |a 929  |2 MRF 
080 |a 629.78  |2 MRF 
080 |a 629.786  |2 MRF 
080 |a 629.78.07  |2 MRF 
080 |a 0/9  |2 MRF 
080 |a (047.53)  |2 MRF 
080 |a (0.062)  |2 MRF 
100 1 |a Peake, Tim,  |d 1972-  |7 xx0223798  |4 aut 
240 1 0 |a Ask an astronaut.  |l Česky 
245 1 0 |a Zeptej se astronauta /  |c Tim Peake ; překlad: Jakub Goner 
250 |a 1. vydání 
264 1 |a Brno :  |b Computer Press,  |c 2018 
300 |a 288 stran, 17 nečíslovaných stran obrazových příloh :  |b ilustrace (převážně barevné), portréty ;  |c 21 cm 
336 |a text  |b txt  |2 rdacontent 
337 |a bez média  |b n  |2 rdamedia 
338 |a svazek  |b nc  |2 rdacarrier 
500 |a Přeloženo z angličtiny 
600 1 7 |a Peake, Tim,  |d 1972-  |7 xx0223798  |2 czenas 
648 4 |a 1972-2017 
648 7 |a 20.-21. století  |7 ch462155  |2 czenas 
650 0 7 |a kosmonauti  |7 ph114990  |z Velká Británie  |y 20.-21. století  |2 czenas 
650 0 7 |a kosmonautika  |7 ph114991  |2 czenas 
650 0 7 |a kosmické stanice  |7 ph135519  |2 czenas 
650 0 7 |a kosmické lety  |7 ph114985  |2 czenas 
650 0 7 |a všeobecnosti a zajímavosti  |7 ph116736  |2 czenas 
650 0 9 |a astronauts  |z Great Britain  |y 20th-21st centuries  |2 eczenas 
650 0 9 |a astronautics  |2 eczenas 
650 0 9 |a space stations  |2 eczenas 
650 0 9 |a space flights  |2 eczenas 
650 0 9 |a facts and features  |2 eczenas 
655 7 |a rozhovory  |7 fd133303  |2 czenas 
655 7 |a populárně-naučné publikace  |7 fd131864  |2 czenas 
655 9 |a interviews  |2 eczenas 
655 9 |a popular works  |2 eczenas 
700 1 |a Goner, Jakub  |7 xx0133109  |4 trl 
910 2 |a BOA001  |b 2-1411.885 
928 9 |a Albatros Media - Computer Press 
990 |a BK 
995 |a 01 
991 |b 201809  |c NOV 
996 6 |b 2610754551  |c 2-1411.885  |l MZK  |r Sklad / do 1 hodiny  |n 1  |p p.v.  |w 001686472  |u 000010  |a 1  |e BOA001  |j MZK50  |s P 
996 7 |b 2610756756  |c 2-1411.885  |l MZK  |r Sklad / do 1 hodiny  |n 4  |p kup  |w 001686472  |u 000020  |a 1  |e BOA001  |j MZK50  |s A